[Event "Gibraltar Challengers A"]
[Site "Gibraltar"]
[Date "2019.01.21"]
[Round "1.1"]
[White "Castrillon Gomez, Melissa"]
[Black "Crocker, Philip J"]
[Result "1-0"]
[WhiteElo "2244"]
[BlackElo "2109"]
[PlyCount "85"]
[EventDate "2019.01.21"]
[EventType "swiss"]
[EventRounds "5"]
[EventCountry "GGB"]

1. Nf3 Nf6 2. d4 d5 3. c4 c6 4. e3 Bf5 5. Nc3 a6 6. cxd5 cxd5 7. Qa4+ Bd7 8.
Qb3 e6 9. Qxb7 Nc6 10. Qb3 Bd6 11. Bd3 O-O 12. O-O Rb8 13. Qd1 e5 14. dxe5 Nxe5
15. Be2 Nxf3+ 16. Bxf3 Be6 17. Qd3 Rb4 18. Rd1 Ng4 19. h3 Ne5 20. Qe2 Nxf3+ 21.
Qxf3 Bb8 22. Nxd5 Rb5 23. e4 Bxd5 24. exd5 Qd6 25. g3 Qd7 26. a4 Rb6 27. Kg2
Rd8 28. Ra3 Rb4 29. a5 Bd6 30. Rb3 Rxb3 31. Qxb3 Rb8 32. Qc4 Rb5 33. Qc6 Qd8
34. Re1 Kf8 35. Be3 Bb4 36. Rd1 Bxa5 37. Bc5+ Kg8 38. d6 Rxb2 39. d7 Rb8 40.
Bd6 Ra8 41. Be7 Qxe7 42. Qxa8+ Bd8 43. Rc1 1-0

[Event "Gibraltar Challengers A"]
[Site "Gibraltar"]
[Date "2019.01.21"]
[Round "1.2"]
[White "Suez-Panama, Gilles"]
[Black "Villar Reymundo, Juan Antonio"]
[Result "0-1"]
[WhiteElo "2078"]
[BlackElo "2237"]
[PlyCount "68"]
[EventDate "2019.01.21"]
[EventType "swiss"]
[EventRounds "5"]
[EventCountry "GGB"]

1. d4 Nf6 2. Nf3 e6 3. c4 Bb4+ 4. Nbd2 d5 5. a3 Be7 6. g3 O-O 7. Bg2 b6 8. O-O
Bb7 9. Qc2 Nbd7 10. Rd1 c5 11. cxd5 exd5 12. dxc5 bxc5 13. b3 a5 14. Bb2 a4 15.
Ne5 Nb6 16. Ne4 axb3 17. Qxb3 Nxe4 18. Bxe4 Qc7 19. Bg2 Bd6 20. Ng4 Bc6 21. Qf3
f5 22. Ne3 f4 23. gxf4 Rxf4 24. Qh5 d4 25. Nd5 Nxd5 26. Bxd5+ Kh8 27. Rd3 g6
28. Qg5 Rf5 29. Qg2 Rxd5 30. e4 Rh5 31. h3 Qe7 32. Re1 Rg5 33. Rg3 Bxg3 34.
fxg3 Re5 0-1

[Event "Gibraltar Challengers A"]
[Site "Gibraltar"]
[Date "2019.01.21"]
[Round "1.3"]
[White "Meszaros, Andras"]
[Black "Spacapan, Simon"]
[Result "1-0"]
[WhiteElo "2226"]
[BlackElo "2061"]
[PlyCount "41"]
[EventDate "2019.01.21"]
[EventType "swiss"]
[EventRounds "5"]
[EventCountry "GGB"]

1. Nf3 d5 2. c4 c6 3. d4 Nf6 4. e3 e6 5. Nbd2 a6 6. Bd3 dxc4 7. Nxc4 b5 8. Nce5
c5 9. O-O Bb7 10. Ng5 Qd5 11. e4 Qxd4 12. Nexf7 c4 13. Bc2 Qxd1 14. Rxd1 Rg8
15. Nxe6 Nc6 16. Nfg5 Rc8 17. e5 h6 18. exf6 gxf6 19. Ne4 Kf7 20. Nxf8 Kxf8 21.
Rd7 1-0

[Event "Gibraltar Challengers A"]
[Site "Gibraltar"]
[Date "2019.01.21"]
[Round "1.4"]
[White "Ungureanu, Sandu"]
[Black "Longa Yauca, Javier"]
[Result "0-1"]
[WhiteElo "2057"]
[BlackElo "2226"]
[PlyCount "100"]
[EventDate "2019.01.21"]
[EventType "swiss"]
[EventRounds "5"]
[EventCountry "GGB"]

1. g3 e5 2. d4 e4 3. Bg2 Nf6 4. Bg5 d5 5. Bxf6 Qxf6 6. e3 c5 7. c3 Nc6 8. Ne2
Bg4 9. h3 Bf3 10. Bxf3 Qxf3 11. O-O O-O-O 12. Nf4 Qxd1 13. Rxd1 g5 14. Nh5 f5
15. Nd2 cxd4 16. cxd4 Bd6 17. Rac1 Rhf8 18. a3 Kd7 19. b4 Rf7 20. Nb3 b6 21. b5
Ne7 22. a4 f4 23. exf4 gxf4 24. g4 Rc8 25. Rxc8 Nxc8 26. Rc1 Ne7 27. a5 Bc7 28.
axb6 axb6 29. Ra1 Nc8 30. Ra8 Nd6 31. Rh8 Bd8 32. f3 Nxb5 33. Kf2 Nc3 34. Nc1
b5 35. Nb3 e3+ 36. Kg2 Be7 37. Nc1 e2 38. Nd3 Bh4 39. Ra8 Kc6 40. Re8 Kb6 41.
Rb8+ Ka7 42. Re8 b4 43. Nhxf4 Rxf4 44. Nxf4 e1=Q 45. Rxe1 Bxe1 46. Nd3 b3 47.
f4 Ne4 48. f5 Bc3 49. h4 b2 50. Nxb2 Bxb2 0-1

[Event "Gibraltar Challengers A"]
[Site "Gibraltar"]
[Date "2019.01.21"]
[Round "1.5"]
[White "Abdulraheem, Abdulrahman Akintoy"]
[Black "Bujakevich, Aleksandr"]
[Result "1/2-1/2"]
[WhiteElo "2224"]
[BlackElo "2054"]
[PlyCount "92"]
[EventDate "2019.01.21"]
[EventType "swiss"]
[EventRounds "5"]
[EventCountry "GGB"]

1. Nf3 d5 2. c4 e6 3. g3 Nf6 4. Bg2 Be7 5. O-O O-O 6. b3 Ne4 7. Qc2 Bf6 8. d4
c5 9. Bb2 Nc6 10. Rd1 Nb4 11. Qc1 dxc4 12. Ne5 cxd4 13. Bxd4 Nd3 14. Qe3 Nxe5
15. Bxe4 Ng4 16. Qd2 Bxd4 17. Qxd4 Qxd4 18. Rxd4 cxb3 19. axb3 Nf6 20. Bf3 e5
21. Rda4 a6 22. Nc3 Rb8 23. Nd5 Nxd5 24. Bxd5 Rd8 25. e4 Kf8 26. Rc1 b5 27. Ra2
Rb6 28. Rc7 Be6 29. Bxe6 Rxe6 30. Ra7 Rdd6 31. Kg2 Rc6 32. Kf1 g6 33. Ke2 Red6
34. f4 Rd4 35. fxe5 Rxe4+ 36. Kd3 Rxe5 37. R7xa6 Rxa6 38. Rxa6 Ke7 39. Rb6 h5
40. h3 Rf5 41. Ke4 Kd7 42. g4 hxg4 43. hxg4 Kc7 44. Rxg6 fxg6 45. gxf5 gxf5+
46. Kxf5 Kd6 1/2-1/2

[Event "Gibraltar Challengers A"]
[Site "Gibraltar"]
[Date "2019.01.21"]
[Round "1.6"]
[White "Cao Armillas, Jesus"]
[Black "Elishev, Ivan"]
[Result "0-1"]
[WhiteElo "2048"]
[BlackElo "2224"]
[PlyCount "82"]
[EventDate "2019.01.21"]
[EventType "swiss"]
[EventRounds "5"]
[EventCountry "GGB"]

1. d4 d6 2. Nf3 g6 3. c4 Bg7 4. g3 Nc6 5. Bg2 e5 6. dxe5 Nxe5 7. Nxe5 Bxe5 8.
Qc2 Ne7 9. Nd2 Nc6 10. Nf3 Bg7 11. O-O O-O 12. Be3 Qf6 13. Rad1 Qxb2 14. Qxb2
Bxb2 15. Rd2 Bc3 16. Rd3 Bf6 17. Rc1 Bf5 18. Rb3 Rab8 19. Nh4 Bg4 20. Rc2 Na5
21. Ra3 b6 22. Bd2 Bd4 23. Bb4 Rfd8 24. h3 Be6 25. Bxa5 bxa5 26. e3 Rb1+ 27.
Kh2 Bb6 28. Nf3 Bf5 29. Rcc3 Rb2 30. Kg1 Bc5 31. Rab3 Rxa2 32. Nd4 Ra1+ 33. Kh2
a4 34. Rb7 Bb6 35. Nb5 Bc8 36. Rb8 Rf8 37. Bd5 Bd7 38. Rxf8+ Kxf8 39. Na3 Bc5
40. Nc2 Rc1 41. Be4 Bf5 0-1

[Event "Gibraltar Challengers A"]
[Site "Gibraltar"]
[Date "2019.01.21"]
[Round "1.7"]
[White "Janse, Jan Jaap"]
[Black "Kozarcanin, Sead"]
[Result "1-0"]
[WhiteElo "2222"]
[BlackElo "2048"]
[PlyCount "35"]
[EventDate "2019.01.21"]
[EventType "swiss"]
[EventRounds "5"]
[EventCountry "GGB"]

1. b3 e5 2. Bb2 d6 3. e3 Nf6 4. c4 Nc6 5. Nf3 Bg4 6. Be2 e4 7. Nd4 Bxe2 8. Nxe2
Nb4 9. Nf4 d5 10. a3 Nd3+ 11. Nxd3 exd3 12. Nc3 dxc4 13. bxc4 Qd7 14. Qf3 O-O-O
15. Nb5 a6 16. Bxf6 gxf6 17. Na7+ Kb8 18. Rb1 1-0

[Event "Gibraltar Challengers A"]
[Site "Gibraltar"]
[Date "2019.01.21"]
[Round "1.8"]
[White "Hamer, Martyn"]
[Black "Carrascoso Morales, Abel"]
[Result "1/2-1/2"]
[WhiteElo "2046"]
[BlackElo "2219"]
[PlyCount "119"]
[EventDate "2019.01.21"]
[EventType "swiss"]
[EventRounds "5"]
[EventCountry "GGB"]

1. g4 d5 2. h3 e5 3. Bg2 c6 4. d4 Nd7 5. c4 dxc4 6. Nc3 Qa5 7. Nf3 Bb4 8. O-O
h5 9. g5 Bxc3 10. bxc3 e4 11. Nh4 Nb6 12. Qc2 Be6 13. Qxe4 O-O-O 14. Bf4 Ne7
15. Rfc1 Rhe8 16. Qf3 Bd5 17. e4 Ng6 18. exd5 Nxh4 19. Qxh5 Nxg2 20. Qg4+ Nd7
21. dxc6 Nxf4 22. cxd7+ Rxd7 23. Qxf4 Rde7 24. Rab1 Qd5 25. a4 a6 26. Kh2 Re4
27. Qg3 Qe6 28. Rb2 Rh8 29. Kg2 Reh4 30. Rh1 Qd5+ 31. f3 f5 32. Qe5 Qxe5 33.
dxe5 R8h5 34. Re2 Rxg5+ 35. Kf2 Kd7 36. e6+ Ke7 37. Rd1 Rxh3 38. Rd7+ Ke8 39.
Rxb7 Rh2+ 40. Ke1 Rxe2+ 41. Kxe2 Rg6 42. Rb6 a5 43. Ke3 Ke7 44. Kd4 Rxe6 45.
Rb5 Kf6 46. Rxa5 g5 47. Ra8 g4 48. fxg4 fxg4 49. a5 g3 50. Rg8 Ra6 51. Rxg3
Rxa5 52. Re3 Ra8 53. Kxc4 Kf5 54. Kd5 Rd8+ 55. Kc6 Rc8+ 56. Kd6 Rd8+ 57. Kc7
Rd2 58. Kc6 Kf4 59. Rh3 Kg4 60. Re3 1/2-1/2

[Event "Gibraltar Challengers A"]
[Site "Gibraltar"]
[Date "2019.01.21"]
[Round "1.9"]
[White "Maisuradze, Nino"]
[Black "Lung, Liviu-Catalin"]
[Result "1-0"]
[WhiteElo "2215"]
[BlackElo "2036"]
[PlyCount "71"]
[EventDate "2019.01.21"]
[EventType "swiss"]
[EventRounds "5"]
[EventCountry "GGB"]

1. d4 Nf6 2. c4 g6 3. Nc3 Bg7 4. e4 O-O 5. f4 c5 6. d5 d6 7. Be2 e6 8. Nf3 exd5
9. cxd5 Re8 10. e5 dxe5 11. fxe5 Ng4 12. Bg5 Qb6 13. O-O Nxe5 14. d6 Nxf3+ 15.
Bxf3 Bd4+ 16. Kh1 Nd7 17. Bd5 Ne5 18. Ne4 Re6 19. Bxe6 Bxe6 20. Nf6+ Kg7 21.
Qe1 Qxd6 22. Bh6+ Kxh6 23. Qh4+ Kg7 24. Qxh7+ Kf8 25. Qg8+ Ke7 26. Qxa8 Bf5 27.
Ng8+ Ke6 28. Qe8+ Kd5 29. Ne7+ Ke4 30. Rae1+ Kd3 31. Qb5+ c4 32. Rd1+ Ke3 33.
Nd5+ Ke2 34. Nf4+ Ke3 35. Rde1+ Kd2 36. Re2# 1-0

[Event "Gibraltar Challengers A"]
[Site "Gibraltar"]
[Date "2019.01.21"]
[Round "1.10"]
[White "Kukic, Boris"]
[Black "Pinho, Paulo"]
[Result "0-1"]
[WhiteElo "2035"]
[BlackElo "2205"]
[PlyCount "118"]
[EventDate "2019.01.21"]
[EventType "swiss"]
[EventRounds "5"]
[EventCountry "GGB"]

1. e4 c5 2. Nf3 e6 3. d4 cxd4 4. Nxd4 a6 5. Nc3 Qc7 6. Be3 Nf6 7. a3 b5 8. f3
Bb7 9. Qd2 d5 10. exd5 Nxd5 11. Nxd5 Bxd5 12. Bd3 Nd7 13. O-O Bd6 14. h3 O-O
15. Kh1 Rfd8 16. Bg5 f6 17. Be3 Ne5 18. Qe2 Qb7 19. Qf2 g6 20. Be4 Re8 21. Rae1
Nc4 22. Bc1 Bc5 23. b3 Nd6 24. Bxd5 Qxd5 25. Be3 e5 26. Ne2 Bxa3 27. Rd1 Qc6
28. c3 Nf5 29. b4 a5 30. Bc5 axb4 31. cxb4 Red8 32. Rxd8+ Rxd8 33. Nc3 Qe6 34.
Ra1 Qb3 35. Qa2 Qxa2 36. Rxa2 Bc1 37. g4 Nh4 38. Be7 Rd3 39. Bxf6 Rxf3 40. Nd5
Rxh3+ 41. Rh2 Rxh2+ 42. Kxh2 g5 43. Be7 Kf7 44. Bc5 Bf4+ 45. Kg1 e4 46. Kf2 Nf3
47. Nc3 Ne5 48. Nxe4 Nxg4+ 49. Kg2 Ne3+ 50. Kf3 Nd5 51. Nf2 Ke6 52. Kg4 Nf6+
53. Kf3 Kf5 54. Nd3 g4+ 55. Kg2 h5 56. Bf2 Bg5 57. Nc5 Ne4 58. Be1 Nxc5 59.
bxc5 Ke6 0-1

[Event "Gibraltar Challengers A"]
[Site "Gibraltar"]
[Date "2019.01.21"]
[Round "1.11"]
[White "Rodriguez Perez, Angel Mariano"]
[Black "Sedgwick, David"]
[Result "1-0"]
[WhiteElo "2204"]
[BlackElo "2024"]
[PlyCount "83"]
[EventDate "2019.01.21"]
[EventType "swiss"]
[EventRounds "5"]
[EventCountry "GGB"]

1. e4 e6 2. d4 d5 3. exd5 exd5 4. Bf4 Bd6 5. Qd2 Bf5 6. Nc3 Nf6 7. O-O-O O-O 8.
f3 Nc6 9. g4 Bg6 10. h4 Nb4 11. Bxd6 Qxd6 12. h5 Bxc2 13. Nb5 Qc6 14. Qxb4
Bxd1+ 15. Kxd1 a6 16. Nc3 Rfe8 17. Rh2 a5 18. Qa4 Qd6 19. Qc2 c5 20. Nb5 Qd7
21. g5 Ng4 22. fxg4 Qxg4+ 23. Ne2 Qxg5 24. Nc7 Qf6 25. Rh1 Qf3 26. Rg1 cxd4 27.
Nxe8 Rxe8 28. Bg2 Qe3 29. Qd2 Qf2 30. Bf1 g6 31. hxg6 fxg6 32. Qg5 Qf3 33. Qg3
Qe4 34. Nc1 Rf8 35. Bd3 Qe8 36. Qg2 Qc6 37. Qc2 Qxc2+ 38. Bxc2 b5 39. Ne2 Rc8
40. Nxd4 Rc5 41. Rg5 Kg7 42. Ne6+ 1-0

[Event "Gibraltar Challengers A"]
[Site "Gibraltar"]
[Date "2019.01.21"]
[Round "1.12"]
[White "Herzwurm, Robert"]
[Black "Lucas Vega, Ivan"]
[Result "1/2-1/2"]
[WhiteElo "2021"]
[BlackElo "2203"]
[PlyCount "79"]
[EventDate "2019.01.21"]
[EventType "swiss"]
[EventRounds "5"]
[EventCountry "GGB"]

1. e4 c5 2. Nc3 d6 3. f4 Nc6 4. Nf3 g6 5. Bb5 Bg7 6. O-O a6 7. Bxc6+ bxc6 8. d3
Nh6 9. f5 gxf5 10. Ng5 e6 11. Qh5 O-O 12. Rf3 Qf6 13. exf5 exf5 14. Nce4 Qg6
15. Qxg6 fxg6 16. Nxd6 Ng4 17. Nxc8 Rfxc8 18. h3 Ne5 19. Rf1 Re8 20. Bd2 h6 21.
Nf3 Nxf3+ 22. Rxf3 Re2 23. Rd1 Bxb2 24. Kf1 Rae8 25. c3 Ba3 26. Rf2 Rxf2+ 27.
Kxf2 Rb8 28. Bxh6 Rb2+ 29. Rd2 Rb1 30. Re2 Kf7 31. Be3 a5 32. Re1 Rb2+ 33. Re2
Rb7 34. Bg5 Bb2 35. Be7 Bxc3 36. Bxc5 a4 37. Rc2 Bf6 38. Ba3 Bd4+ 39. Kf3 c5
40. Rc4 1/2-1/2

[Event "Gibraltar Challengers A"]
[Site "Gibraltar"]
[Date "2019.01.21"]
[Round "1.13"]
[White "Saber, Yasser"]
[Black "Hassomal Daswani, Birjkumar"]
[Result "1-0"]
[WhiteElo "2201"]
[BlackElo "2008"]
[PlyCount "119"]
[EventDate "2019.01.21"]
[EventType "swiss"]
[EventRounds "5"]
[EventCountry "GGB"]

1. d4 c5 2. d5 e5 3. e4 d6 4. Nc3 Be7 5. Nf3 Nf6 6. h3 Nbd7 7. a4 Nf8 8. Bb5+
Bd7 9. O-O Ng6 10. Nd2 O-O 11. Bxd7 Qxd7 12. Nc4 Ne8 13. Ne3 Bg5 14. Qg4 Qxg4
15. hxg4 Rd8 16. f3 Rd7 17. Kf2 Nh8 18. g3 g6 19. Kg2 Bd8 20. Rh1 Ng7 21. f4 f6
22. f5 g5 23. Nc4 Ne8 24. Be3 Nf7 25. Kf3 Bc7 26. Rhb1 Ng7 27. b4 cxb4 28. Rxb4
Bb8 29. Rab1 Nd8 30. Nb5 a6 31. Nba3 h5 32. Na5 hxg4+ 33. Kxg4 Rff7 34. c4 Ne8
35. c5 dxc5 36. Bxc5 Bd6 37. Nb3 Rc7 38. Rc4 Bxc5 39. Rxc5 Rxc5 40. Nxc5 Rc7
41. Rc1 Nd6 42. Kf3 b6 43. Nd3 Rxc1 44. Nxc1 N8b7 45. Nb3 Kf7 46. Ke3 Ke7 47.
Kd3 Kd7 48. Nc4 Kc7 49. Ne3 b5 50. axb5 axb5 51. Ng4 Ne8 52. Kc3 Kb6 53. Kb4
Nbd6 54. Nc5 Kc7 55. Ka5 Nxf5 56. exf5 Kd6 57. Ne4+ Kxd5 58. Nexf6+ Nxf6 59.
Nxf6+ Kc4 60. Ne4 1-0

[Event "Gibraltar Challengers A"]
[Site "Gibraltar"]
[Date "2019.01.21"]
[Round "1.14"]
[White "Boardman, Jeffrey"]
[Black "Torres, Federico"]
[Result "0-1"]
[WhiteElo "2005"]
[BlackElo "2196"]
[PlyCount "99"]
[EventDate "2019.01.21"]
[EventType "swiss"]
[EventRounds "5"]
[EventCountry "GGB"]

1. e4 e5 2. Nf3 d6 3. Bc4 c6 4. d4 Nd7 5. c3 Ngf6 6. O-O Be7 7. dxe5 Nxe4 8.
exd6 Nxd6 9. Bb3 Nc5 10. Be3 Nxb3 11. axb3 a6 12. Re1 O-O 13. Bc5 Be6 14. Nd4
Bd7 15. Nd2 Re8 16. Rxe7 Qxe7 17. Nc4 Qg5 18. Bxd6 Bg4 19. Qc1 Qg6 20. Bg3 c5
21. Nc2 f6 22. N2e3 Be6 23. Nd6 Re7 24. Qb1 Qh5 25. c4 Rd7 26. Qe4 Bf7 27. Nxf7
Kxf7 28. Nd5 Re8 29. Qf3 Qxf3 30. gxf3 Re2 31. Rb1 Rd2 32. Kg2 b5 33. Nc7 bxc4
34. bxc4 Rc2 35. Nd5 g5 36. b4 Rxc4 37. Nb6 Rxb4 38. Rxb4 cxb4 39. Nxd7 b3 40.
Ne5+ fxe5 41. Bxe5 Ke6 42. f4 gxf4 43. Bb2 Kf5 44. Kf3 a5 45. Ba3 a4 46. Bb2 h6
47. h3 Kg5 48. Ke4 h5 49. f3 Kh4 50. Kxf4 0-1

[Event "Gibraltar Challengers A"]
[Site "Gibraltar"]
[Date "2019.01.21"]
[Round "1.15"]
[White "Onabogun, Kolade"]
[Black "Vinal Gutierrez, Pedro"]
[Result "0-1"]
[WhiteElo "2189"]
[BlackElo "1997"]
[PlyCount "62"]
[EventDate "2019.01.21"]
[EventType "swiss"]
[EventRounds "5"]
[EventCountry "GGB"]

1. e4 e6 2. d4 d5 3. Nc3 Bb4 4. e5 Qd7 5. Bd2 b6 6. a3 Bxc3 7. Bxc3 Nh6 8. h4
Bb7 9. Bd3 Nc6 10. h5 O-O-O 11. Qd2 Nxe5 12. dxe5 d4 13. Bb4 c5 14. Nf3 Nf5 15.
Qf4 cxb4 16. axb4 Kb8 17. b5 g6 18. Ke2 Rc8 19. Ra4 Rhd8 20. Rha1 Rc7 21. g4
Bxf3+ 22. Qxf3 Ng7 23. Ra6 Qd5 24. h6 Ne8 25. Qf4 Rxc2+ 26. Bxc2 d3+ 27. Ke1
dxc2 28. Qc1 Qh1+ 29. Ke2 Rd1 30. Qxd1 cxd1=Q+ 31. Rxd1 Qe4+ 0-1

[Event "Gibraltar Challengers A"]
[Site "Gibraltar"]
[Date "2019.01.21"]
[Round "1.16"]
[White "Tovarek, Antonin"]
[Black "Pavlov, Egor"]
[Result "1/2-1/2"]
[WhiteElo "1995"]
[BlackElo "2187"]
[PlyCount "119"]
[EventDate "2019.01.21"]
[EventType "swiss"]
[EventRounds "5"]
[EventCountry "GGB"]

1. e4 c6 2. c4 d5 3. exd5 cxd5 4. cxd5 Nf6 5. Bb5+ Nbd7 6. Nc3 g6 7. Nf3 Bg7 8.
d6 exd6 9. Qe2+ Qe7 10. Qxe7+ Kxe7 11. d4 Nb6 12. O-O a6 13. Re1+ Be6 14. Bd3
h6 15. Bd2 Rac8 16. Ne4 Nfd5 17. a4 Nc4 18. Nc3 Kd7 19. Be4 Nxc3 20. Bxc3 d5
21. Bd3 Rhe8 22. h3 Kc7 23. b3 Nd6 24. Ne5 Kb8 25. Bb4 Nf5 26. Bc5 Ne7 27. b4
Nc6 28. b5 Nxe5 29. Bd6+ Ka7 30. dxe5 Rc3 31. Red1 Bf8 32. Bxf8 Rxf8 33. Rab1
axb5 34. axb5 Kb6 35. Kf1 Ra8 36. Ke2 Rxd3 37. Kxd3 Bf5+ 38. Kd4 Bxb1 39. Rxb1
Ra2 40. Kxd5 Rd2+ 41. Ke4 Rxf2 42. g4 Rc2 43. Rf1 Rc7 44. e6 fxe6 45. Rf6 Kxb5
46. Rxg6 Rh7 47. Rxe6 Kc5 48. Re8 b5 49. Kf5 b4 50. Kg6 Rb7 51. Kxh6 b3 52. Re1
b2 53. Rb1 Rb6+ 54. Kg7 Rb7+ 55. Kg6 Kd4 56. h4 Kc3 57. h5 Rb6+ 58. Kg7 Rb7+
59. Kg6 Rb6+ 60. Kg7 1/2-1/2

[Event "Gibraltar Challengers A"]
[Site "Gibraltar"]
[Date "2019.01.21"]
[Round "1.17"]
[White "Lacrosse, Marc"]
[Black "Burke, Mitchell R"]
[Result "1/2-1/2"]
[WhiteElo "2182"]
[BlackElo "1994"]
[PlyCount "110"]
[EventDate "2019.01.21"]
[EventType "swiss"]
[EventRounds "5"]
[EventCountry "GGB"]

1. d4 Nf6 2. c4 g6 3. Nc3 Bg7 4. e4 d6 5. Be2 O-O 6. Be3 Nbd7 7. Nf3 c5 8. d5
b5 9. cxb5 a6 10. a4 Qa5 11. O-O Qb4 12. Qc2 axb5 13. axb5 Bb7 14. Nd2 Nb6 15.
Ra2 Nfd7 16. Rfa1 Rxa2 17. Rxa2 Ra8 18. Rxa8+ Bxa8 19. h3 e6 20. dxe6 fxe6 21.
Bg4 Nf8 22. Bf4 d5 23. Bd6 d4 24. Na2 Qxb5 25. Qxc5 Qxc5 26. Bxc5 Na4 27. Bxf8
Kxf8 28. Bxe6 Nxb2 29. Kf1 Bh6 30. Ke2 Bxd2 31. Kxd2 Bxe4 32. f3 Bc6 33. Nc1
Bb5 34. Ne2 Nc4+ 35. Bxc4 Bxc4 36. g3 Be6 37. h4 Bd5 38. Nxd4 Kf7 39. Ke3 Kf6
40. f4 h6 41. g4 g5 42. hxg5+ hxg5 43. f5 Ke5 44. Nf3+ Kf6 45. Ng1 Bb7 46. Kd4
Bg2 47. Ke3 Bb7 48. Ne2 Ke5 49. Ng3 Bc6 50. Nh5 Be8 51. Ng7 Bd7 52. Kf3 Bc6+
53. Kg3 Bd7 54. Kf3 Bc6+ 55. Ke3 Bd7 1/2-1/2

[Event "Gibraltar Challengers A"]
[Site "Gibraltar"]
[Date "2019.01.21"]
[Round "1.18"]
[White "Adewole, Adeyinka"]
[Black "Lim, Zhuo Ren"]
[Result "0-1"]
[WhiteElo "1972"]
[BlackElo "2178"]
[PlyCount "110"]
[EventDate "2019.01.21"]
[EventType "swiss"]
[EventRounds "5"]
[EventCountry "GGB"]

1. c4 Nf6 2. Nf3 e6 3. g3 d5 4. Bg2 Be7 5. O-O O-O 6. b3 b6 7. d4 Bb7 8. Ne5
Nbd7 9. Bb2 Nxe5 10. dxe5 Ne4 11. Qc2 f5 12. Rd1 Bc5 13. e3 Qe7 14. Nd2 c6 15.
Nf1 Ba3 16. Bd4 c5 17. Bb2 Bxb2 18. Qxb2 dxc4 19. h4 c3 20. Qc2 Qc7 21. f3 Nd2
22. Nxd2 cxd2 23. f4 Bxg2 24. Kxg2 Rad8 25. Rxd2 Rxd2+ 26. Qxd2 Rd8 27. Qc2
Qc6+ 28. Kf2 Qd5 29. Re1 Kf7 30. e4 Qd4+ 31. Kf3 g6 32. exf5 gxf5 33. Kg2 h5
34. Qf2 Qxf2+ 35. Kxf2 Rd2+ 36. Re2 Rxe2+ 37. Kxe2 Ke7 38. a4 a6 39. Kd3 Kd7
40. Kc3 Kc6 41. Kd3 Kd5 42. Ke3 b5 43. a5 c4 44. b4 c3 45. Kd3 c2 46. Kxc2 Ke4
47. Kc3 Ke3 48. g4 hxg4 49. h5 g3 50. h6 g2 51. h7 g1=Q 52. h8=Q Qc1+ 53. Kb3
Qc4+ 54. Ka3 Qc3+ 55. Ka2 Qc2+ 0-1

[Event "Gibraltar Challengers A"]
[Site "Gibraltar"]
[Date "2019.01.21"]
[Round "1.19"]
[White "Crespo, Eugenio"]
[Black "Lutz, Juergen"]
[Result "1-0"]
[WhiteElo "2169"]
[BlackElo "1960"]
[PlyCount "135"]
[EventDate "2019.01.21"]
[EventType "swiss"]
[EventRounds "5"]
[EventCountry "GGB"]

1. Nf3 d5 2. g3 Nf6 3. Bg2 e6 4. O-O Be7 5. c4 O-O 6. d4 c5 7. cxd5 exd5 8. Nc3
Nc6 9. e3 Bg4 10. Qa4 Bd7 11. dxc5 Bxc5 12. Qh4 Be7 13. Qf4 Be6 14. Nd4 Bd6 15.
Nxe6 fxe6 16. Qa4 Qe7 17. Bd2 Rae8 18. Rfd1 Qf7 19. Be1 Qh5 20. h3 Bb8 21. Qc2
Ne5 22. Qe2 Qf7 23. Rac1 h5 24. Nb5 Kh8 25. Bb4 Rg8 26. Nd6 Bxd6 27. Bxd6 Nc4
28. Bb4 Rc8 29. Bc3 Rgf8 30. b3 Nd6 31. Bb4 Qd7 32. Qb2 Rxc1 33. Rxc1 Rf7 34.
Qe5 Nde8 35. Bf3 g6 36. Bc3 Kh7 37. g4 Ng7 38. Kg2 h4 39. Qg5 Ne4 40. Qxh4+ Kg8
41. Be5 g5 42. Qh6 Rxf3 43. Rc8+ Rf8 44. Rxf8+ Kxf8 45. Qh8+ Ke7 46. Qxg7+ Kd8
47. Qxd7+ Kxd7 48. f3 Nd6 49. Bf6 Nf7 50. f4 gxf4 51. exf4 Nd6 52. h4 Ke8 53.
h5 Kf7 54. Bd4 a6 55. g5 Nf5 56. Be5 Kg8 57. Kf3 Kh7 58. Bf6 Kg8 59. g6 Nh6 60.
Kg3 Nf5+ 61. Kg4 d4 62. Kg5 d3 63. Bc3 Nd4 64. Bxd4 d2 65. h6 d1=Q 66. h7+ Kf8
67. h8=Q+ Ke7 68. Bf6+ 1-0

[Event "Gibraltar Challengers A"]
[Site "Gibraltar"]
[Date "2019.01.21"]
[Round "1.20"]
[White "Cano Sevilla, Ivan"]
[Black "Tworzydlo, Piotr"]
[Result "1/2-1/2"]
[WhiteElo "1950"]
[BlackElo "2165"]
[PlyCount "69"]
[EventDate "2019.01.21"]
[EventType "swiss"]
[EventRounds "5"]
[EventCountry "GGB"]

1. d4 Nf6 2. Bf4 g6 3. Nc3 d5 4. Nf3 Bg7 5. e3 O-O 6. Be2 c5 7. O-O b6 8. a4
Nc6 9. Ne5 Bb7 10. h3 Na5 11. Bf3 Rc8 12. Re1 Ne4 13. Nxe4 dxe4 14. Be2 cxd4
15. exd4 Nc6 16. Nxc6 Rxc6 17. c3 e5 18. dxe5 Qe7 19. Bb5 Rd8 20. Qg4 Rc5 21.
Bg5 f6 22. exf6 Bxf6 23. Be3 Rcc8 24. Rad1 a6 25. Bd7 Rc5 26. Bxc5 Qxc5 27.
Qe6+ Kg7 28. Be8 Bd5 29. Rxd5 Qxd5 30. Qxd5 Rxd5 31. Bc6 Rd2 32. Rb1 Be7 33.
Bxe4 Bc5 34. b4 Bxf2+ 35. Kh2 1/2-1/2

[Event "Gibraltar Challengers A"]
[Site "Gibraltar"]
[Date "2019.01.21"]
[Round "1.21"]
[White "Gonzalez Gonzalez, Alfonso"]
[Black "Sikkel, Dirk"]
[Result "1-0"]
[WhiteElo "2160"]
[BlackElo "1943"]
[PlyCount "81"]
[EventDate "2019.01.21"]
[EventType "swiss"]
[EventRounds "5"]
[EventCountry "GGB"]

1. d4 g6 2. e4 Bg7 3. Nc3 d6 4. Be3 a6 5. Qd2 b5 6. a4 b4 7. Nd5 a5 8. c3 c6 9.
Nf4 bxc3 10. bxc3 Nf6 11. f3 O-O 12. Nge2 Qc7 13. Ng3 e5 14. dxe5 dxe5 15. Nd3
Rd8 16. Qf2 Nbd7 17. Be2 Ba6 18. O-O Bc4 19. Nb2 Bxe2 20. Nxe2 Rdb8 21. Nc4 Rb3
22. Rfd1 Ne8 23. Rd3 Rab8 24. Rad1 Rb1 25. Nc1 Nf8 26. Qa2 c5 27. R3d2 R1b7 28.
Na3 Ne6 29. Nb5 Qc8 30. Qc4 Bf8 31. Nb3 Ra8 32. Rd5 N8c7 33. Rxe5 Nxb5 34. axb5
Qb8 35. Rxe6 fxe6 36. Qxe6+ Rf7 37. b6 Qe8 38. Qxe8 Rxe8 39. Nxa5 Rf6 40. Nc4
Rb8 41. Rd5 1-0

[Event "Gibraltar Challengers A"]
[Site "Gibraltar"]
[Date "2019.01.21"]
[Round "1.22"]
[White "Brown, David"]
[Black "Bengherabi, Khalil"]
[Result "0-1"]
[WhiteElo "1931"]
[BlackElo "2150"]
[PlyCount "52"]
[EventDate "2019.01.21"]
[EventType "swiss"]
[EventRounds "5"]
[EventCountry "GGB"]

1. e4 c5 2. Ne2 d6 3. Nbc3 g6 4. d4 cxd4 5. Nxd4 Bg7 6. Be3 Nf6 7. Qd2 Nc6 8.
f3 O-O 9. O-O-O d5 10. exd5 Nxd5 11. Nxc6 bxc6 12. Nxd5 cxd5 13. Qxd5 Qc7 14.
Qc5 Qb7 15. b3 Bf5 16. Bc4 Rac8 17. Qa3 Qc7 18. Rd5 e6 19. Ra5 Bc3 20. Rc5 Qb6
21. Re5 Qd8 22. Rc5 Qf6 23. Rd1 Rb8 24. Rb5 Rbd8 25. Rxd8 Rxd8 26. Qxa7 Bb2+
0-1

[Event "Gibraltar Challengers A"]
[Site "Gibraltar"]
[Date "2019.01.21"]
[Round "1.23"]
[White "Janiszewski, Maciej"]
[Black "Nandi, Robin J"]
[Result "1/2-1/2"]
[WhiteElo "2146"]
[BlackElo "1903"]
[PlyCount "124"]
[EventDate "2019.01.21"]
[EventType "swiss"]
[EventRounds "5"]
[EventCountry "GGB"]

1. Nf3 d5 2. d4 Nf6 3. c4 e6 4. g3 Be7 5. Bg2 O-O 6. O-O dxc4 7. Ne5 c5 8. dxc5
Qc7 9. Nxc4 Qxc5 10. b3 Nc6 11. Ba3 Nb4 12. Bxb4 Qxb4 13. a3 Qc5 14. Nbd2 Rb8
15. Rc1 b6 16. b4 Qb5 17. Nf3 Bb7 18. Nd4 Qe8 19. Ne5 Bxg2 20. Kxg2 Rd8 21.
Nec6 Rd5 22. Qb3 Qd7 23. Rfd1 g6 24. f3 Ne8 25. e4 Rd6 26. e5 Rd5 27. Nxe7+
Qxe7 28. Nc6 Qg5 29. f4 Rxd1 30. Qxd1 Qh5 31. Qxh5 gxh5 32. Ne7+ Kg7 33. Rc8 f6
34. Nc6 fxe5 35. fxe5 Kf7 36. Nxa7 Rg8 37. Rb8 Rg5 38. Nc6 h4 39. Rxb6 Ng7 40.
Rb7+ Kg6 41. Ne7+ Kh5 42. Ng8 hxg3 43. hxg3 Nf5 44. Nf6+ Kg6 45. Nxh7 Rxg3+ 46.
Kf2 Rxa3 47. Nf8+ Kg5 48. Nxe6+ Kg4 49. Rc7 Ra2+ 50. Ke1 Ne3 51. Nd4 Kf4 52. e6
Ra1+ 53. Ke2 Ra2+ 54. Kd3 Ra3+ 55. Rc3 Rxc3+ 56. Kxc3 Ke5 57. b5 Nd5+ 58. Kc4
Kd6 59. Kd3 Nc7 60. b6 Nxe6 61. Nxe6 Kc6 62. Nd8+ Kxb6 1/2-1/2